Guess the Taylor Swift Song (no hints) 169 - Statistics

General Stats
  • This quiz has been taken 57 times
  • The average score is 231 of 321
Answer Stats
Answer % Correct
I
100%
the
100%
a
97%
an
97%
be
97%
in
97%
it
97%
you
97%
you?
97%
You
97%
And
94%
and
94%
is
94%
Is
94%
me
94%
not
94%
on
94%
to
94%
where
94%
who
94%
Who
94%
your
94%
Your
94%
are
91%
You're
91%
all
88%
It's
88%
like
85%
of
85%
time
85%
Time
85%
up
85%
what
85%
been
82%
know
82%
now
82%
ou?
82%
then
82%
this
82%
too,
82%
too
82%
when
82%
But
79%
us
79%
did
76%
Did
76%
If
76%
just
76%
Oh,
76%
oh,
76%
oh
76%
see
76%
had
74%
still
74%
you've
74%
get
71%
at
68%
have
68%
never
68%
out
68%
back
65%
down
65%
innocent
65%
has
62%
night
62%
only
62%
You'll
62%
late
59%
new
59%
some
59%
things
59%
can't
56%
really
56%
Always
53%
days?
53%
Into
53%
life
53%
Lost
53%
mind
53%
okay,
53%
32
50%
everything
50%
growin'
50%
Left
50%
Wasn't
50%
change
47%
live
47%
wait
47%
wouldn't
47%
Everyone
44%
messed
44%
'til
44%
again
41%
alright,
41%
brought
41%
flames
41%
guess
41%
lights
41%
remember
41%
Someone
41%
string
41%
tough
41%
balance
38%
beautiful
38%
bed
38%
bigger
38%
brand
38%
bright
38%
crawl
38%
crowd
38%
easier
38%
everybody
38%
hope
38%
seen
38%
Septembers
38%
tightrope
38%
tightrope,
38%
turns
38%
Before
35%
believed
35%
catchin'
35%
embers
35%
lunchbox
35%
reach
35%
speak
35%
tryin'
35%
fell
32%
firefly
32%
Today
32%
weather
32%
yourself
32%
asleep
29%
floor
29%
warpath
29%
caught
26%
monsters
26%
runnin'
26%
shattered
26%
to y
26%
wild
26%
Minds
21%
ooh,
21%
ooh
21%
No matching quizzes found
Score Distribution
Percent of People with Each Score
Percentile by Number Answered
Your Score History
You have not taken this quiz